000 04629nam0a22005531 4500
001 v19\rc\2106496
005 20260407111918.0
035 _a(NLR Aleph) 005279170
090 _a6080015
_c6080015
100 _a20090914d1804 |||y0rusy50 ca
101 0 _arus
_ager
102 _aRU
135 _acrcn 024anaba
140 _ay y da yaa0000
200 1 _aДоклад его императорскому величеству от Комитета, учрежденнаго для разсмотрения лифляндских дел
_e[От 3 февр. 1804 г.]
_dVerordnung die Bauern des Livländischen Gouvernements betreffend
_zger
210 _a[Санкт-Петербург
_cв Сенатской типографии
_d1804]
215 _a[1], 54, [1], 139, [2], XVI, [27] с., [5] л. табл.
_cтабл.
_d
300 _aТекст парал. на рус. и нем. яз.
300 _aПер. на нем. яз. П.С. Кайсаров
309 _aБез тит. л. и обл. Описано по шмуцтит.
316 _aЭкз. РНБ (138/423) в составном картон. пер., обтянутом серо-розовой бумагой, корич. кожан. уголками и корешком. Корешок с 5-ю бинтами, с тиснением золотом (позолота практически полностью утрачена). На корешке кожан. наклейка цвета беж с вытисн. загл.: "Bauern Regulations Buch.", бумаж. наклейка с номером: "4466" и ярлык-марка с вписанным номером 924. На нижней крышке пер. экслибрис Рус. фонда ГПБ с шифром. Обрез тонир. красный. На форзаце ярлык с шифром РНБ. На обороте форзаца, с.33 1-й паг., с.[24] и оборотах табл. круглый штамп ГПБ. Размер: 20,5х12,7х2,6 см
_5NLR: 138/423
316 _aЭкз. РНБ (18.83.7.39) деф.: отсутствует 1 л. табл.
_5NLR: 18.83.7.39
321 1 _aСК 1801-1825 3647
325 _aКопия доступна в Электрон. б-ке РНБ
327 0 _aИз содерж.: Положение о крестьянах Лифляндской губернии = Verordnung die Bauern des Livländischen Gouvernements betreffend. (С.1-139)
464 0 _12001#$aПоложение о крестьянах Лифляндской губернии$dVerordnung die Bauern des Livländischen Gouvernements betreffend$zger
_1215##$aС.1-139
_1300##$aПеред текстом на с.2: "На подлинном написано собственною его императорскаго величества рукою тако: Быть по сему. Александр. В Санктпетербурге февраля 20 1804".
_tПоложение о крестьянах Лифляндской губернии
518 1 _aДоклад его императорскому величеству от Комитета, учрежденного для рассмотрения лифляндских дел
620 _dСанкт-Петербург
702 1 _4730
_7ca
_8rus
_aКайсаров
_bП. С.
_f1777-1854
_gПетр Сергеевич
_9172085
_3RU\NLR\AUTH\770172135
702 0 _4660
_4720
_8rus
_7ca
_aАлександр
_cимператор российский
_dI
_f1777-1825
_3RU\NLR\AUTH\775342
_9115306
710 0 1 _aРоссия
_bКомитет для рассмотрения лифляндских дел
_3RU\NLR\AUTH\889937858
_9370526
712 0 2 _4610
_aСенатская типография
_cПетербург
_3RU\NLR\AUTH\889940127
_9375085
801 0 _aRU
_bNLR
_c20090914
_gpsbo
801 1 _aRU
_bProSoft-M
_c20090914
_2rusmarc
801 2 _aRU
_bNLR
_c20100323
_2rusmarc
852 _aNLR
_j18.83.7.39
852 _aNLR
_j138/423
942 _cBOOK
980 _aNB
980 3 _akpcivil2021
980 3 _akp2021
980 3 _akp
981 2 2 _a(22) Материалы по истории России
_b(22) Материалы по отдельным регионам
981 2 0 _a(20) Книжные памятники РНБ
_b(20) Русский книжный фонд